Management research : (Registro nro. 326299)

Detalles MARC
000 -ENCABEZADO
Número de control [NR] 01364nam a22002657a 4500
005 - FECHA Y HORA DE LA ÚLTIMA TRANSACCIÓN
control field 20260424074444.0
008 - DE LONGITUD FIJA DE DATOS DE ELEMENTOS - INFORMACIÓN GENERAL
Elementos de longitud fija [NR] 260423t2024 |||||||| |||| 00| 0 eng d
020 ## - NUMERO INTERNACIONAL NORMALIZADO PARA LIBROS [R]
Número Internacional Normalizado del libro [NR] 9781032462950
040 ## - FUENTE DE CATALOGACION [NR]
Agencia de catalogación original [NR] CO-BoUCM
Idioma de catalogación [NR] spa
Quien Cataloga Stefania Borbon
Quien Clasifica Stefania Borbon
041 ## - CODIGO DE IDIOMA [R]
Código de idioma para texto/pista de sonido o título separado [R] Inglés
100 ## - ASIENTO PRINCIPAL--NOMBRE PERSONAL [NR]
Nombre personal [NR] Rose, Susan
ID Autoridad 188819
245 10 - MENCION DE TITULO [NR]
Título [NR] Management research :
Parte restante del título [NR] applying the principles of business research methods /
Mención de responsabilidad, etc. [NR] Susan Rose, Nigel Spinks and Ana Isabel Canhoto
250 ## - MENCION DE EDICION [NR]
Mención de edición [NR] 2a.Ed.
260 #1 - PUBLICACION, DISTRIBUCION, ETC. (PIE DE IMPRENTA) [R]
Lugar de publicación, distribución, etc. [R] Abingdon, Oxon ;
-- New York, NY :
Nombre del editor, distribuidor, etc. [R] Routledge,
Fecha de publicación, distribución, etc. [R] 2024
300 ## - DESCRIPCION FISICA [R]
Extensión [R] xix, 477 páginas :
Otros detalles físicos [NR] ilustraciones
504 ## - NOTA DE BIBLIOGRAFIA, ETC. [R]
Nota de bibliografía, etc. [NR] Incluye referencias bibliográficas e índices
520 ## - NOTA DE RESUMEN, ETC. [R]
Nota de sumario, etc. [NR] Este libro guía al lector a través de un proceso lógico para realizar proyectos de investigación en gestión, desde la definición del problema hasta la comunicación de resultados. Esta segunda edición incluye un mayor énfasis en temas como diversidad e inclusión en el proceso de investigación, recolección de datos y privacidad, y digitalización.
650 #4 - ASIENTO SECUNDARIO DE MATERIA - TERMINO TEMATICO [R]
Término temático o nombre geográfico como elemento de entrada [NR] Administración de empresas
Subdivisión general [R] Investigaciones
9 (RLIN) 102865
650 #4 - ASIENTO SECUNDARIO DE MATERIA - TERMINO TEMATICO [R]
Término temático o nombre geográfico como elemento de entrada [NR] Metodología de la investigación
9 (RLIN) 19435
650 #4 - ASIENTO SECUNDARIO DE MATERIA - TERMINO TEMATICO [R]
Término temático o nombre geográfico como elemento de entrada [NR] Toma de decisiones
9 (RLIN) 25505
700 1# - ASIENTO SECUNDARIO - NOMBRE PERSONAL [R]
Nombre personal [NR] Spinks, Nigel
9 (RLIN) 188820
700 1# - ASIENTO SECUNDARIO - NOMBRE PERSONAL [R]
Nombre personal [NR] Canhoto, Ana Isabel
9 (RLIN) 188821
942 ## - ELEMENTOS DE ENTRADA AGREGADOS (KOHA)
Sistema de clasificación DEWEY
Tema principal Administración
Tipo de ítem principal el descrito en 300a Libro
Edición 2
Clasificación 658.0072
Parte restante de la signatura top. R795
Existencias
Total préstamos Signatura topográfica Código de barras Última vez visto Volúmen / Fascículo Ejemplar Price effective from Tipo de ítem Nota pública (OPAC) Perdido Sistema de clasificación Dañado No prestable Tipo de ítem específico Suprimido Ubicación habitual Ubicación actual Localización Fecha de creación Forma de adquisición Costo
  658.0072 R795 100175153 24/04/2026 2a.Ed. Ej.1 23/04/2026 Libro Spot de Investigación   DEWEY     Libro   Sede del emprendimiento y la innovación Sede del Emprendimiento, Innovación y Creación 1er piso 23/04/2026 Compra 258320.00